Least Streamed tripleS Songs - Statistics

General Stats
  • This quiz has been taken 21 times
  • The average score is 5 of 10
Answer Stats
Streams Album Answer % Correct
632,264 Structure of Sadness Farewell My First
89%
654,691 Peformante Vision
79%
298,443 Performante 12 Rings
68%
685,849 ASSEMBLE25 Friend Zone
53%
626,833 Performante Bionic Power
47%
703,542 Single Paindrop
42%
298,443 Single Polaroid
42%
149,022 Single Dreaming
32%
773,556 Single Touch+
21%
163,024 Untitled ### - ∞! Ver.
11%
No matching quizzes found
Score Distribution
Percent of People with Each Score
Percentile by Number Answered
Your Score History
You have not taken this quiz